Fungal lipid accumulation and development of mycelial structures by two arbuscular mycorrhizal fungi /
שמור ב:
| מחבר ראשי: | |
|---|---|
| מחברים אחרים: | |
| פורמט: | Bài viết |
| שפה: | English |
| נושאים: | |
| תגים: |
הוספת תג
אין תגיות, היה/י הראשונ/ה לתייג את הרשומה!
|
| Thư viện lưu trữ: | Thư viện Trường Đại học Đà Lạt |
|---|
| LEADER | 00922nam a2200301 4500 | ||
|---|---|---|---|
| 001 | DLU090092905 | ||
| 005 | ##20091201 | ||
| 040 | # | # | |a DLU |b eng |
| 041 | # | # | |a eng |
| 044 | # | # | |a us |
| 100 | # | # | |a Aarle, Ingrid M. van. |
| 245 | # | # | |a Fungal lipid accumulation and development of mycelial structures by two arbuscular mycorrhizal fungi / |c Ingrid M. van Aarle, Pal Axel Olsson. |
| 653 | # | # | |a Accumulation |
| 653 | # | # | |a Fungi |
| 653 | # | # | |a Lipids |
| 653 | # | # | |a Mycorrhiza |
| 653 | # | # | |a Thallophyta |
| 700 | # | # | |a Olsson, Pal Axel. |
| 773 | # | # | |t Applied and Environmental Microbiology |g Vol. 69, no. 11 (November 2003), p. 6762-6767 |
| 920 | # | # | |a Phòng Tạp chí -- Trung tâm Thông tin - Thư viện Trường Đại học Đà Lạt |
| 994 | # | # | |a DLU |
| 900 | # | # | |a True |
| 911 | # | # | |a Trương Bảo Trâm Anh |
| 925 | # | # | |a G |
| 926 | # | # | |a A |
| 927 | # | # | |a BB |
| 980 | # | # | |a Thư viện Trường Đại học Đà Lạt |